000 00626nam a2200205 i 4500
001 89570
003 ES-MaACL
005 20250405234004.0
007 t|
008 050111q1971 sp ||||1| spa d
100 1 _aLaso Gaite, Juan Francisco.
_970454
245 1 0 _aMontero Ríos y su obra legislativa /
_cpor Juan Francisco Laso Gaite.
260 _a[Madrid :
_bs.n.,
_c1971?]
300 _a52 p. ;
_c24 cm.
595 _aSeparata de: Información jurídica, n. 309.
600 1 4 _aMontero Ríos, Eugenio,
_d1832-1914
_982537
852 _aES-MaACL
_j2083-F-4
852 _aES-MaACL
_j2083-F-5
999 _c89570
_d89570